20 Something - FLETCHER - Statistics

General Stats
  • This quiz has been taken 6 times
  • The average score is 300 of 350
Answer Stats
Hint Answer % Correct
a
100%
all?
100%
all
100%
and
100%
Bridge And
100%
anymore
100%
are
100%
beautiful
100%
been
100%
but
100%
But
100%
Pre-Chorus 'Cause
100%
danger
100%
don't
100%
feeling
100%
floor
100%
for
100%
God
100%
Verse 1 I
100%
I'm
100%
in
100%
It
100%
it
100%
I've
100%
just
100%
kinda
100%
Kinda
100%
know
100%
knows
100%
Knows
100%
like
100%
lonely
100%
look
100%
lookin'
100%
maybe
100%
Maybe
100%
me
100%
my
100%
Verse 2 My
100%
no
100%
nobody
100%
of
100%
on
100%
phone
100%
So
100%
so
100%
some
100%
something
100%
something)
100%
stay
100%
stranger
100%
that
100%
the
100%
Then
100%
think
100%
to
100%
twenty
100%
want
100%
we
100%
We
100%
(We
100%
Chorus We're
100%
we're
100%
(We're
100%
again
67%
aren't
67%
around
67%
Breaking
67%
Does
67%
doesn't
67%
drops
67%
Drunk
67%
face
67%
friends
67%
had
67%
hearts
67%
hits
67%
holes
67%
hopeless
67%
if
67%
If
67%
it's
67%
keep
67%
lately
67%
long
67%
lost
67%
Money
67%
more
67%
mother
67%
next
67%
(Next
67%
nothing
67%
Or
67%
or
67%
paper
67%
parents
67%
pen
67%
pockets
67%
running
67%
running)
67%
said
67%
Scared
67%
see
67%
songs
67%
still
67%
stumbling
67%
there's
67%
these
67%
us
67%
wanna
67%
what
67%
what's
67%
With
67%
Won't
67%
won't
67%
writing
67%
you
67%
afloat
33%
best
33%
everybody
33%
everyone
33%
fall
33%
Grab
33%
homeless
33%
Kiss
33%
lives
33%
living
33%
now
33%
our
33%
parties
33%
remember
33%
remember)
33%
says
33%
showing
33%
them
33%
tonight?
33%
unannounced
33%
up
33%
why
33%
years
33%
beautiul
0%
No matching quizzes found
Score Distribution
Percent of People with Each Score
Percentile by Number Answered
Your Score History
You have not taken this quiz